[Event "Heusenstamm Sparkassen op-A 4th"]
[Site "Heusenstamm"]
[Date "2017.11.24"]
[Round "3"]
[White "Prill, Gerhard"]
[Black "Schaefer, Peter Felix"]
[Result "1-0"]
[WhiteElo "1960"]
[BlackElo "1813"]
[PlyCount "31"]
[EventDate "2017.11.23"]
[EventType "swiss"]
[EventRounds "7"]
[EventCountry "GER"]
[SourceTitle "EXT 2019"]
[Source "ChessBase"]
[SourceDate "2018.10.10"]
[SourceVersion "1"]
[SourceVersionDate "2018.10.10"]
[SourceQuality "1"]

1. e4 e6 2. d4 d5 3. Nc3 Nf6 4. Bg5 dxe4 5. Nxe4 Be7 6. Bxf6 gxf6 7. Ne2 f5 8. N4c3 Bf6 9. Qd2 c5 10. d5 a6 11. Qe3 Qc7 12. 0-0-0 b5 13. d6 Qc6 14. Nd5 Nd7 15. Nxf6+ Nxf6 16. Qe5 1-0